000 00934nam a22003137a 4500
001 BR0602208
003 BR-BrBNA
005 20230928102140.0
007 ta
008 230509b bl.||||| |||| 00| 0 por d
040 _aBR-BrBNA
_bpor
_cBiblioteca Nacional de Agricultura
041 _a(Por)
072 _aP36; P40
090 _ P36 BR0602208
100 1 _aAquino, R.F.
110 1 _aUniversidade Federal de Lavras, MG (Brasil)
_0Tese (Mestrado)
245 1 _aPadrões de chuva e variabilidade espacial da erosividade para o sul de Minas Gerais
260 3 _aLavras, MG (Brasil):
_c2005.
300 _a95 p.
500 _aSummaries (Eng, Por); Several bibliography; 10 illus.; 9 tables
650 _aEROSÃO DO SOLO
650 _aEROSÃO HÍDRICA
650 _aTOPOGRAFIA
650 _aASPECTO FISIOGRÁFICO
650 _aCHUVA
650 _aPLUVIOMETRIA
909 _a202309
_bLucia
_c55
_dLucia Elande
942 _cBK
999 _c69375
_d69375